| 000 | 00775pam a2200241 a 4500 | ||
|---|---|---|---|
| 020 | _a007008646X | ||
| 040 | _cund | ||
| 082 | _a621 MCG 1987 A044 Or. | ||
| 100 | 1 | _aBuban, Peter | |
| 245 | 1 | 0 | _aUnderstanding electricity and electronics technology / |
| 250 | _a5th ed | ||
| 260 |
_aNew York : _bMcGraw-Hill, _cc1987 |
||
| 300 |
_ax, 531 p. : _bill. (some col.) ; _c25 cm |
||
| 500 | _aRev. ed. of: Understanding electricity and electronics. 4th ed. 1982 | ||
| 500 | _aIncludes index | ||
| 520 | _aA textbook of the theory and practical applications of electricity and electronics | ||
| 650 | 0 | _aElectrical engineering | |
| 650 | 0 | _aElectronics | |
| 700 | 1 | _aSchmitt, Marshall Langdon, | |
| 700 | 1 | _aCarter, Charles G | |
| 700 | 1 | _aBuban, Peter. | |
| 942 | _cEK | ||
| 999 |
_c13076 _d13076 |
||